00364nam a2200109Ia 450000500170000000800410001710000240005824501120008226000290019430000110022365000200023420260328101511.0260328s9999||||xx |||||||||||||| ||und|| aSert, Josep Lluís 0aCan our Cities survive? :b An ABC of Urban problems, their analysis. their solutions /cJosep Lluís Sert bHarvard University Press a259 p. aDISEÑO URBANO